Discurso [sobre la figura de la tierra] leído en la Universidad Central, en la solemne inauguración del curso académico de 1890 a 1891 / (Record no. 157538)

MARC details
000 -LEADER
campo de control de longitud fija 00814nam a2200205 i 4500
001 - NÚMERO DE CONTROL
campo de control 157538
003 - IDENTIFICADOR DE NÚMERO DE CONTROL
campo de control ES-MaACL
005 - FECHA Y HORA DE LA ÚLTIMA TRANSACCIÓN
campo de control 20250724075216.0
008 - DATOS DE LONGITUD FIJA--INFORMACIÓN GENERAL
campo de control de longitud fija 960320s1890 sp |||| | spa d
040 ## - FUENTE DE CATALOGACIÓN
Centro catalogador/agencia de origen CLM
Lengua de catalogación spa
Centro/agencia transcriptor CCPB | SIC
100 1# - ENTRADA PRINCIPAL--NOMBRE DE PERSONA
Nombre de persona León y Ortiz, Eduardo,
Fechas asociadas al nombre 1846-1910
9 (RLIN) 71657
245 10 - MENCIÓN DEL TÍTULO
Título Discurso [sobre la figura de la tierra] leído en la Universidad Central, en la solemne inauguración del curso académico de 1890 a 1891 /
Mención de responsabilidad, etc. Eduardo León y Ortiz.
260 ## - PUBLICACIÓN, DISTRIBUCIÓN, ETC.
Lugar de publicación, distribución, etc. Madrid :
Nombre del editor, distribuidor, etc. [s.n.],
Fecha de publicación, distribución, etc. 1890 (
Fabricante Imp. Colonial, a cargo de G. Gutiérrez)
300 ## - DESCRIPCIÓN FÍSICA
Extensión 75 p. ;
Dimensiones 27 cm.
650 #7 - PUNTO DE ACCESO ADICIONAL DE MATERIA--TÉRMINO DE MATERIA
Término de materia o nombre geográfico como elemento de entrada Geodesia
Fuente del encabezamiento o término embne
9 (RLIN) 13068
710 2# - ENTRADA AGREGADA--NOMBRE DE ENTIDAD CORPORATIVA
Nombre de entidad corporativa o nombre de jurisdicción como elemento de entrada Universidad Central (Madrid)
9 (RLIN) 7084
852 ## - LOCALIZACIÓN
Ubicación ES-MaACL
Número de control de estantería T-521-F-3
Nota libre - Enc. hol., conservando la enc. original
Ubicación en estantería Depósito folletos
942 ## - ELEMENTOS DE ENTRADA SECUNDARIOS (KOHA)
Fuente del sistema de clasificación o colocación Clasificación decimal universal
Holdings
Estatus retirado Estado de pérdida Estado de daño No para préstamo Colección Biblioteca de origen Biblioteca actual Ubicación en estantería Fecha de adquisición Total de préstamos Signatura topográfica completa Código de barras Visto por última vez Precio de reemplazo Tipo de ítem Koha
        Colección de folletos Biblioteca del Ateneo de Madrid Biblioteca del Ateneo de Madrid Depósito folletos 17/01/2008   T-521-F-3 1164857 23/02/2023 23/02/2023 Folleto